000 00355nam a2200133 i 4500
001 bg
100 1 _aPAPROCKA-GARLICKA, W.
245 0 _aZagadnienia udźwigu żelbetowych i stalowych konstrukcji... /
_cW. Paprocka-Garlicka.
260 _aWarszawa,
_c1984.
040 _cBPK
041 _apol
942 _cKS
008 s pl f |000 0 pol
999 _c22942
_d22942
856 _uhttp://koha.tu.koszalin.pl/cgi-bin/koha/opac-detail.pl?biblionumber=22942
_yKatalog online BPK